000 00564nam a2200181Ia 4500
005 20250508163359.0
008 008 250505s9999 xx 000 0 eng d
037 _aTextual
040 _aFEDL
_beng
_cFEDL
041 _aeng
_2eng
084 _a371.26, NCE
_qFEDL
245 0 _aUse of test material in teaching
260 _aNew Delhi, India
_bNational Council of Educational Research and Training
_c1977
300 _a33p.
650 _aEducational - Tests and Measurements
_9758953
942 _cTEXL
_h371.26, NCE
999 _c1382690
_d1382690